К оценке медно-никелевой рудоносности интрузивных массивов Восточного Саяна по данным магниторазведки; Новые и нетрадиционные типы месторождений полезных ископаемых Прибайкалья и Забайкалья

Détails bibliographiques
Parent link:Новые и нетрадиционные типы месторождений полезных ископаемых Прибайкалья и Забайкалья.— 2010.— С. 71-75
Auteur principal: Ерофеев Л. Я. Леонид Яковлевич
Autres auteurs: Орехов А. Н. Александр Николаевич, Гаврилов М. Н. Михаил Николаевич
Langue:russe
Publié: 2010
Sujets:
Format: MixedMaterials Chapitre de livre
KOHA link:https://koha.lib.tpu.ru/cgi-bin/koha/opac-detail.pl?biblionumber=194222

MARC

LEADER 00000naa2a2200000 4500
001 194222
005 20231031182235.0
035 |a (RuTPU)RU\TPU\book\211837 
090 |a 194222 
100 |a 20110408d2010 k y0rusy50 ca 
101 0 |a rus 
102 |a RU 
200 1 |a К оценке медно-никелевой рудоносности интрузивных массивов Восточного Саяна по данным магниторазведки  |f Л. Я. Ерофеев, А. Н. Орехов, М. Н. Гаврилов 
463 0 |0 (RuTPU)RU\TPU\book\208629  |y 978-5-905013-01-0  |t Новые и нетрадиционные типы месторождений полезных ископаемых Прибайкалья и Забайкалья  |o материалы Всероссийской научно-практической конференции, 10-12 ноября 2010 г., Улан-Удэ  |f Российская академия наук (РАН), Сибирское отделение (СО), Бурятский геологический институт (БГИ) ; Российское минералогическое общество (РМО), Бурятское отделение ; под ред. Е. В. Кислова  |v С. 71-75  |d 2010  |p 208 с. 
610 1 |a рудоносность 
610 1 |a медь 
610 1 |a никель 
610 1 |a Восточный Саян 
610 1 |a магниторазведка 
610 1 |a труды учёных ТПУ 
700 1 |a Ерофеев  |b Л. Я.  |c геолог, геофизик  |c профессор Томского политехнического университета, доктор геолого-минералогических наук  |f 1935-  |g Леонид Яковлевич  |2 stltpush  |3 (RuTPU)RU\TPU\pers\15850 
701 1 |a Орехов  |b А. Н.  |c российский геолог  |c старший преподаватель Томского политехнического института  |c выпускник ТПИ 1984  |f 1962-  |g Александр Николаевич  |2 stltpush  |3 (RuTPU)RU\TPU\pers\18583 
701 1 |a Гаврилов  |b М. Н.  |c российский учёный в области геофизики  |c ассистент Томского политехнического университета  |g Михаил Николаевич  |2 stltpush  |3 (RuTPU)RU\TPU\pers\28127 
801 1 |a RU  |b 63413507  |c 20110408 
801 2 |a RU  |b 63413507  |c 20150604  |g RCR 
942 |c BK